00874aab a2200217 4500001001000000003001000010005001700020008004100037022001400078040004100092041000800133100002800141245004600169300006100215520022700276650001800503773009800521942000800619945001200627999001700639768714001CO-MdFUSB20240618062715.0170510s1993 cr ||||| |||| 00| 0 spa d a1409-1968 aCO-MdFUSBbspacCO-MdFUSBdCO-MdFUSB aspa1 aSmith, Oswald J.eautor10a¡Aquel ujier audaz..!c/ Oswald J. Smith aVolumen 11. Número 1 (1993), páginas 34-36c: 27 cm. aEn este artículo se habla sobre la invitación que Dios le hizo a un pastor para dar una ofrenda misionera a la iglesia, ofrenda que superaba su presupuesto y recursos, pero aún así, fue obediente y Dios lo bendijo. 0aMisiones91540 tApuntes Pastorales049442960184gVolumen 11. Número 1 (1993), páginas 34-36qPágina 34 cANA aJTF-925 c50685d50685